000
00303nam a2200121Ia 4500
005
20260328104340.0
008
260328s9999||||xx |||||||||||||| ||und||
100
_a
Pelli, Cesar
245
0
_a
Observations for Young Architects /
_c
Cesar Pelli
300
_a
207 p.
650
_a
ARQUITECTOS
942
_c
BK
999
_c
12063
_d
12063